Remote cooperation : CSCW issues for mobile and teleworkers

Αποθηκεύτηκε σε:
Λεπτομέρειες βιβλιογραφικής εγγραφής
Άλλοι συγγραφείς: Dix, Alan (Επιμελητής έκδοσης), Beale, R. (Russell) (Επιμελητής έκδοσης)
Μορφή: Βιβλίο
Γλώσσα:English
Δημοσίευση: London : Springer, c1996.
Σειρά:Computer supported cooperative work
Θέματα:
Ετικέτες: Προσθήκη ετικέτας
Δεν υπάρχουν, Καταχωρήστε ετικέτα πρώτοι!

MARC

LEADER 00000cam a2200000 i 4500
001 1/16827
008 010206s1996 enk| ||| |||| ||eng||
020 |a 3540760350 
035 |l 10065917 
040 |a GR-MyUA  |b gre  |e AACR2 
041 0 |a eng 
082 0 |a 658.40360285   |2 (21) 
245 0 0 |a Remote cooperation :   |b CSCW issues for mobile and teleworkers /   |c Alan J. Dix and Russell Beale, eds. 
260 |a London :   |b Springer,   |c c1996.  
300 |a xv, 236 σ. :   |b εικ. ;   |c 24 εκ.  
490 1 |a (Computer supported cooperative work) 
504 |a Περιέχει βιβλιογραφικές αναφορές και ευρετήριο.  
650 0 |a Teams in the workplace  |x Data processing. 
650 0 |a Microcomputer workstations. 
650 0 |a Mobile communication systems. 
700 1 |a Dix, Alan,  |e edt 
700 1 |a Beale, R.   |q (Russell)  |e edt 
830 0 |a Computer supported cooperative work 
852 |a INST  |b SAMOS  |e 20010206  |h 658.40360285 REM  |p 005300018413  |q 005300018413  |t BK  |y 0 
852 |a INST  |b SAMOS  |e 20010206  |h 658.40360285 REM  |p 005300018414  |q 005300018414  |t BK  |y 0 
852 |a INST  |b SAMOS  |e 20010206  |h 658.40360285 REM  |p 005300018415  |q 005300018415  |t BK  |y 0 
852 |a INST  |b SAMOS  |e 20010206  |h 658.40360285 REM  |p 005300018416  |q 005300018416  |t BK  |y 0 
852 |a INST  |b SAMOS  |e 20010206  |h 658.40360285 REM  |p 005300018417  |q 005300018417  |t BK  |y 0 
852 |a INST  |b SAMOS  |e 20010206  |h 658.40360285 REM  |p 005300018418  |q 005300018418  |t BK  |y 0 
852 |a INST  |b SAMOS  |e 20010206  |h 658.40360285 REM  |p 005300018419  |q 005300018419  |t BK  |y 0 
852 |a INST  |b SAMOS  |e 20010206  |h 658.40360285 REM  |p 005300022150  |q 005300022150  |t BK  |y 0 
852 |a INST  |b SAMOS  |e 20010206  |h 658.40360285 REM  |p 005300022151  |q 005300022151  |t BK  |y 0 
852 |a INST  |b SYROS  |e 20010206  |h 658.40360285 REM  |p 005500000234  |q 005500000234  |t BK  |y 0 
901 |a BIBL3-2001-1 
922 |a 3ΕΛΗ  |b 200002  |c ΤΠΕΣ/ΠΟΛ  |d LEADER 
922 |a 5ΕΛΗ  |b 200002  |c ΤΠΕΣ/ΠΟΛ  |d LEADER 
970 |a Πουρνάρας  |b Δημήτρης  |z 06/02/2001